| 000 | 00721nam a22002417a 4500 | ||
|---|---|---|---|
| 005 | 20170124110240.0 | ||
| 010 | _a897634 | ||
| 020 | _c00.00 | ||
| 035 | _a897634 | ||
| 037 | _bCen Lib/Ret | ||
| 040 |
_aDPL _bEN |
||
| 082 |
_a780.954 _bJOS |
||
| 100 |
_aJoshi, G.N. _994732 |
||
| 245 |
_aUnderstanding Indian classical music / _cby G.N. Joshi |
||
| 246 | _b | ||
| 260 |
_aBombay _bD.B. Taraporevala Sons and Co. _c1977 |
||
| 270 |
_bBombay _a210, Dr. D. Naroji road |
||
| 300 |
_axii, 46p. : _c26cm(Hb) _bill. _e |
||
| 500 | _aIncludes glossary | ||
| 650 |
_aIndian classical music _994733 |
||
| 650 |
_aMiniature paintings -- Indian music _994734 |
||
| 942 |
_2ddc _cEN _h780.954 _mJOS |
||
| 999 |
_c135150 _d135150 |
||